00582nam a2200145Ia 4500008004100000020002200041041000800063082002300071100002700094245006200121260003700183300000900220999001900229952018800248230411s9999 xx 000 0 und d a978 0 7637 3181 6 aeng aN/613.2/CHE/B05038 aChernoff Ronni9178417 aGeriatrics Nutrition : The health professionals handbook. bJones and BartlettaBostonc2006 a575p c155571d155571 001040708NaBTINbBTINd2008-03-15eB.J.Medical Co-oprative College Storesg1495.00i1838l0oN 613.2 CHE B05038pBTIN-BK-5038r2023-04-11 00:00:00v1495.00w2008-03-15yBKzB05038